000 01290cam a22003251i 4500
003 SA-RiAUC
005 20250612052940.0
008 250610s1982 su o g b 00000 ara c
040 _aSA-JeALM
_bara
_cSA-RiAUC
_erda
082 0 4 _a371.911
_qSA-RiAUC
090 _a371.911
_bا ح م
100 1 _aأحمد، لطفي بركات
_eمؤلف.
245 1 2 _aالرعاية التربوية للمكفوفين /
_cلطفي بركات أحمد.
250 _aالطبعة الأولى.
264 1 _aجدة، السعودية :
_bتهامة للنشر،
_c1982
300 _a108 صفحة :
_bصور ؛
_c24 سم.
336 _aنص
_btxt
_2rdacontent
_3كتاب
337 _aبدون وسيط
_bn
_2rdamedia
338 _aمجلد
_bnc
_2rdacarrier
490 1 _aسلسلة الكتاب الجامعي ؛
_v16
500 _aختم اهداء من شركة تهامة
504 _aيشتمل على إرجاعات ببليوجرافية.
590 _aعبد المنعم.
650 7 _aالمكفوفون
_xتعليم
_2aucsh
650 7 _aالمكفوفون
_xرعاية
_2aucsh
650 7 _aالتعليم الخاص
_2aucsh
830 0 _aالكتاب الجامعي (تهامة للنشر والتوزيع)
_v16
942 _2ddc
_cBOOK
_n0
949 _aSA-JeALM
_d250610
_uosman123
_n1
999 _c8869
_d8869